Sổ tay các vị thuốc dùng trong y học dân tộc

में बचाया:
ग्रंथसूची विवरण
मुख्य लेखक: Sổ tay các vị thuốc dùng trong y học dân tộc
स्वरूप: पुस्तक
भाषा:Undetermined
प्रकाशित: Hà Nội Y Học 1998
विषय:
टैग : टैग जोड़ें
कोई टैग नहीं, इस रिकॉर्ड को टैग करने वाले पहले व्यक्ति बनें!
Thư viện lưu trữ: Trung tâm Học liệu Trường Đại học Cần Thơ
LEADER 00616nam a2200169Ia 4500
001 CTU_34194
008 210402s9999 xx 000 0 und d
082 |a 615.882 
082 |b S450 
100 |a Sổ tay các vị thuốc dùng trong y học dân tộc 
245 0 |a Sổ tay các vị thuốc dùng trong y học dân tộc 
245 0 |c Sổ tay các vị thuốc dùng trong y học dân tộc; Dịch giả: Hà Văn Cầu 
260 |a Hà Nội 
260 |b Y Học 
260 |c 1998 
650 |a folk medicine 
980 |a Trung tâm Học liệu Trường Đại học Cần Thơ